000 00708nam a22002417a 4500
003 UA-OsUOA
001 53780
007 ta
008 20080421b un ||||| |||| 00| 0 ukr d
100 _aЗубков М.
090 _a811.161.2
_bЗ-91
942 _cBK
040 _aUA-OsUOA
_bukr
_cUA-OsUOA
_dUA-OsUOA
245 _aУкраїнська мова
_bУніверсальний довідник
300 _a496 с.
955 _a2
041 _aukr
080 _a811.161.2
020 _a966-8114-55-8
260 _aХарків
_bВД "ШКОЛА"
_c2007
650 7 _a8 Мовознавство. Художня література. Літературознавство
_2UDC
999 _c339875
_d339875